000 00414nam a2200169Ia 4500
008 230711s9999||||xx |||||||||||||| ||und||
041 _aENG
082 _a624
_bWO-E
100 _aBrinker,Russell C.
245 0 _aElementary surveying
250 _a1st Ed.
260 _c1989
_aNew Delhi
_bHarperCollins Publishers India
300 _a696
650 _aCivil Engineering
700 _aWolf,Paul R.
942 _cBK
999 _c3346
_d3346